000 00554nam a22001817a 4500
005 20231128123406.0
008 231128b |||||||| |||| 00| 0 eng d
020 _a0409025097
041 _aEnglish
082 _a340.1 DUP
100 _aDu Plessis, L
_lEnglish
245 _aRe-interpretation of Statutes /
_cL Du Plessis
250 _aFirst Edition
260 _aDurban :
_bButterworth Publishers (Pty) Ltd,
_c2002
300 _bxxiii, 339 pages ;
_c25 cm.
650 _aLegal practice
_bLaw
942 _cBK
_6ALISON_BN_VRIES
999 _c1008
_d1008